| 000 | 00861cab a2200277 4500 | ||
|---|---|---|---|
| 001 | WB3504-26 | ||
| 008 | 090401t1999 xxu||||| |||| 00| 0 eng d | ||
| 035 | _a(Sirsi) u90909 | ||
| 041 | _aeng | ||
| 245 | _aInspection roles give more power to tenants | ||
| 260 | _c1999 | ||
| 350 | _a0 | ||
| 490 |
_aHousing Today _v(117) 21 January 1999, 2(1) |
||
| 520 | _aLocal authorities have been informed that tenants should now be involved in the inspection of council housing. The DETR policy administrator has said that tenant representative bodies will be consulted. | ||
| 650 | _aBEST VALUE | ||
| 650 | _aCOUNCIL HOUSING | ||
| 650 | _aDETR | ||
| 650 | _aINSPECTIONS | ||
| 650 | _aLOCAL AUTHORITIES | ||
| 650 | _aSOCIAL HOUSING | ||
| 650 | _aTENANT PARTICIPATION | ||
| 650 | _aTENANTS | ||
| 690 | _aHOUSING | ||
| 942 | _n0 | ||
| 948 | _c26/01/1999 | ||
| 999 |
_c57670 _d57670 |
||